[Event "Benidorm Satellite preliminary"]
[Site "playchess.com #007036"]
[Date "2009.10.24"]
[Round "1"]
[White "Chessmaestro"]
[Black "Öschi"]
[Result "1-0"]
[WhiteElo "2683"]
[BlackElo "1782"]
[PlyCount "29"]
[EventDate "2009.10.24"]
[EventType "swiss (blitz)"]

1. d4 {[%emt 0:00:01]} c6 {[%emt 0:00:01]} 2. c4 {[%emt 0:00:01]} d5 {[%emt 0:
00:01]} 3. Nf3 {[%emt 0:00:00]} Nf6 {[%emt 0:00:01]} 4. Nc3 {[%emt 0:00:00]}
dxc4 {[%emt 0:00:01]} 5. a4 {[%emt 0:00:01]} Bf5 {[%emt 0:00:01]} 6. Ne5 {
[%emt 0:00:06]} e6 {[%emt 0:00:01]} 7. g3 {[%emt 0:00:01]} Bb4 {[%emt 0:00:05]}
8. Bg2 {[%emt 0:00:01]} Ne4 {[%emt 0:00:01]} 9. Bxe4 {[%emt 0:00:02]} Bxe4 {
[%emt 0:00:02]} 10. O-O {[%emt 0:00:00]} Bxc3 {[%emt 0:00:05]} 11. bxc3 {[%emt
0:00:03]} O-O {[%emt 0:00:04]} 12. Ba3 {[%emt 0:00:01]} Re8 {[%emt 0:00:02]}
13. Nxc4 {[%emt 0:00:01]} Qd7 {[%emt 0:00:40]} 14. Nd6 {[%emt 0:00:04]} Rd8 {
[%emt 0:00:03]} 15. Nxe4 {[%emt 0:00:01] Öschi gibt auf} 1-0

[Event "Benidorm Satellite preliminary"]
[Site "playchess.com #007036"]
[Date "2009.10.24"]
[Round "1"]
[White "David Lynch"]
[Black "Schachkanone2"]
[Result "1-0"]
[WhiteElo "2080"]
[BlackElo "1438"]
[PlyCount "55"]
[EventDate "2009.10.24"]
[EventType "swiss (blitz)"]

1. d4 {[%emt 0:00:01]} Nf6 {[%emt 0:00:02]} 2. c4 {[%emt 0:00:00]} d5 {[%emt 0:
00:01]} 3. Nc3 {[%emt 0:00:02]} e6 {[%emt 0:00:01]} 4. Nf3 {[%emt 0:00:03]} Be7
{[%emt 0:00:02]} 5. Bg5 {[%emt 0:00:01]} O-O {[%emt 0:00:01]} 6. cxd5 {[%emt 0:
00:02]} Nxd5 {[%emt 0:00:02]} 7. Bxe7 {[%emt 0:00:01]} Qxe7 {[%emt 0:00:02]} 8.
Nxd5 {[%emt 0:00:01]} exd5 {[%emt 0:00:01]} 9. Qc2 {[%emt 0:00:01]} c6 {[%emt
0:00:11]} 10. e3 {[%emt 0:00:01]} Nd7 {[%emt 0:00:01]} 11. Bd3 {[%emt 0:00:01]}
g6 {[%emt 0:00:03]} 12. O-O {[%emt 0:00:02]} a6 {[%emt 0:00:03]} 13. Rab1 {
[%emt 0:00:04]} Nf6 {[%emt 0:00:06]} 14. Ne5 {[%emt 0:00:02]} Bd7 {[%emt 0:00:
03]} 15. b4 {[%emt 0:00:03]} Ng4 {[%emt 0:00:02]} 16. Nxg4 {[%emt 0:00:08]}
Bxg4 {[%emt 0:00:02]} 17. a4 {[%emt 0:00:01]} Rac8 {[%emt 0:00:03]} 18. Qc5 {
[%emt 0:00:03]} Qxc5 {[%emt 0:00:02]} 19. bxc5 {[%emt 0:00:01]} Rb8 {[%emt 0:
00:05]} 20. Rb6 {[%emt 0:00:02]} f5 {[%emt 0:00:08]} 21. Rfb1 {[%emt 0:00:02]}
Rf7 {[%emt 0:00:04]} 22. Bxa6 {[%emt 0:00:02]} f4 {[%emt 0:00:07]} 23. Rxb7 {
[%emt 0:00:02]} Rfxb7 {[%emt 0:00:02]} 24. Rxb7 {[%emt 0:00:00]} Rxb7 {[%emt 0:
00:01]} 25. Bxb7 {[%emt 0:00:01]} fxe3 {[%emt 0:00:01]} 26. fxe3 {[%emt 0:00:
02]} Bd1 {[%emt 0:00:06]} 27. a5 {[%emt 0:00:01]} Ba4 {[%emt 0:00:02]} 28. a6 {
[%emt 0:00:01] Schachkanone2 gibt auf} 1-0

[Event "Benidorm Satellite preliminary"]
[Site "playchess.com #007036"]
[Date "2009.10.24"]
[Round "1"]
[White "Rubirov"]
[Black "Yoborjamari"]
[Result "0-1"]
[WhiteElo "1483"]
[BlackElo "2085"]
[PlyCount "26"]
[EventDate "2009.10.24"]
[EventType "swiss (blitz)"]

1. e4 {[%emt 0:00:01]} d5 {[%emt 0:00:04]} 2. exd5 {[%emt 0:00:02]} Qxd5 {
[%emt 0:00:02]} 3. Nc3 {[%emt 0:00:01]} Qa5 {[%emt 0:00:01]} 4. d4 {[%emt 0:00:
02]} Nf6 {[%emt 0:00:01]} 5. Nf3 {[%emt 0:00:05]} Bg4 {[%emt 0:00:02]} 6. Bd2 {
[%emt 0:00:06]} Nc6 {[%emt 0:00:03]} 7. Bb5 {[%emt 0:00:10]} O-O-O {[%emt 0:00:
12]} 8. Bxc6 {[%emt 0:00:09]} bxc6 {[%emt 0:00:02]} 9. O-O {[%emt 0:00:09]} Qf5
{[%emt 0:00:08]} 10. Be3 {[%emt 0:00:32]} e5 {[%emt 0:00:16]} 11. h3 {[%emt 0:
00:08]} Bxf3 {[%emt 0:00:02]} 12. Qxf3 {[%emt 0:00:02]} Qxf3 {[%emt 0:00:01]}
13. gxf3 {[%emt 0:00:02]} exd4 {[%emt 0:00:00] Rubirov rinde} 0-1

[Event "Benidorm Satellite preliminary"]
[Site "playchess.com #007036"]
[Date "2009.10.24"]
[Round "1"]
[White "Kayra"]
[Black "Dolorian"]
[Result "0-1"]
[WhiteElo "1915"]
[BlackElo "1461"]
[PlyCount "44"]
[EventDate "2009.10.24"]
[EventType "swiss (blitz)"]

1. e4 {[%emt 0:00:01]} c6 {[%emt 0:00:01]} 2. d4 {[%emt 0:00:01]} d5 {[%emt 0:
00:01]} 3. Nc3 {[%emt 0:00:02]} dxe4 {[%emt 0:00:02]} 4. Nxe4 {[%emt 0:00:01]}
Nf6 {[%emt 0:00:00]} 5. Ng5 {[%emt 0:00:03]} h6 {[%emt 0:00:06]} 6. N5f3 {
[%emt 0:00:01]} Bg4 {[%emt 0:00:01]} 7. Bc4 {[%emt 0:00:01]} e6 {[%emt 0:00:01]
} 8. h3 {[%emt 0:00:01]} Bh5 {[%emt 0:00:02]} 9. g4 {[%emt 0:00:04]} Bg6 {
[%emt 0:00:01]} 10. g5 {[%emt 0:00:00]} hxg5 {[%emt 0:00:02]} 11. Bxg5 {[%emt
0:00:00]} Be7 {[%emt 0:00:03]} 12. Ne5 {[%emt 0:00:01]} Nbd7 {[%emt 0:00:06]}
13. Nxg6 {[%emt 0:00:01]} fxg6 {[%emt 0:00:02]} 14. Bxe6 {[%emt 0:00:01]} Nd5 {
[%emt 0:00:11]} 15. Bxd7+ {[%emt 0:00:15]} Qxd7 {[%emt 0:00:07]} 16. Bxe7 {
[%emt 0:00:01]} Qxe7+ {[%emt 0:00:04]} 17. Qe2 {[%emt 0:00:01]} O-O-O {[%emt 0:
00:04]} 18. c4 {[%emt 0:00:07]} Qb4+ {[%emt 0:00:06]} 19. Kd1 {[%emt 0:00:10]}
Rhe8 {[%emt 0:00:09]} 20. Qg4+ {[%emt 0:00:10]} Kb8 {[%emt 0:00:04]} 21. Nf3 {
[%emt 0:00:04]} Qxb2 {[%emt 0:00:09]} 22. Rc1 {[%emt 0:00:10]} Qe2# {[%emt 0:
00:03]} 0-1

[Event "Benidorm Satellite preliminary"]
[Site "playchess.com #007036"]
[Date "2009.10.24"]
[Round "1"]
[White "PabloSandoval"]
[Black "Benitotj"]
[Result "1-0"]
[WhiteElo "2074"]
[BlackElo "1413"]
[PlyCount "39"]
[EventDate "2009.10.24"]
[EventType "swiss (blitz)"]

1. e4 {[%emt 0:00:03]} e5 {[%emt 0:00:03]} 2. Nf3 {[%emt 0:00:01]} Nc6 {[%emt
0:00:01]} 3. Bb5 {[%emt 0:00:01]} d6 {[%emt 0:00:01]} 4. d4 {[%emt 0:00:01]}
exd4 {[%emt 0:00:02]} 5. Qxd4 {[%emt 0:00:04]} Bd7 {[%emt 0:00:04]} 6. Bxc6 {
[%emt 0:00:01]} bxc6 {[%emt 0:00:03]} 7. Nc3 {[%emt 0:00:00]} Nf6 {[%emt 0:00:
02]} 8. Bg5 {[%emt 0:00:01]} Be7 {[%emt 0:00:01]} 9. O-O-O {[%emt 0:00:02]} O-O
{[%emt 0:00:02]} 10. h4 {[%emt 0:00:01]} c5 {[%emt 0:00:12]} 11. Qd3 {[%emt 0:
00:01]} c6 {[%emt 0:00:08]} 12. e5 {[%emt 0:00:08]} Nd5 {[%emt 0:00:10]} 13.
Nxd5 {[%emt 0:00:03]} Bxg5+ {[%emt 0:00:03]} 14. Nxg5 {[%emt 0:00:01]} g6 {
[%emt 0:00:06]} 15. Nf6+ {[%emt 0:00:05]} Kg7 {[%emt 0:00:03]} 16. Qxd6 {[%emt
0:00:02]} Bf5 {[%emt 0:00:07]} 17. Qxc5 {[%emt 0:00:02]} Qc8 {[%emt 0:00:20]}
18. h5 {[%emt 0:00:07]} Re8 {[%emt 0:00:07]} 19. hxg6 {[%emt 0:00:03]} fxg6 {
[%emt 0:00:13]} 20. Rxh7# {[%emt 0:00:02]} 1-0

[Event "Benidorm Satellite preliminary"]
[Site "playchess.com #007036"]
[Date "2009.10.24"]
[Round "1"]
[White "Bartimäus"]
[Black "Džundi"]
[Result "0-1"]
[WhiteElo "1763"]
[BlackElo "2646"]
[PlyCount "50"]
[EventDate "2009.10.24"]
[EventType "swiss (blitz)"]

1. d4 {[%emt 0:00:01]} Nf6 {[%emt 0:00:01]} 2. c4 {[%emt 0:00:01]} g6 {[%emt 0:
00:01]} 3. Nc3 {[%emt 0:00:01]} d5 {[%emt 0:00:02]} 4. cxd5 {[%emt 0:00:02]}
Nxd5 {[%emt 0:00:01]} 5. e4 {[%emt 0:00:02]} Nxc3 {[%emt 0:00:01]} 6. bxc3 {
[%emt 0:00:01]} Bg7 {[%emt 0:00:00]} 7. Bc4 {[%emt 0:00:02]} c5 {[%emt 0:00:01]
} 8. Be3 {[%emt 0:00:02]} Nc6 {[%emt 0:00:01]} 9. Ne2 {[%emt 0:00:01]} cxd4 {
[%emt 0:00:02]} 10. cxd4 {[%emt 0:00:01]} b5 {[%emt 0:00:01]} 11. Bxb5 {[%emt
0:00:03]} Qa5+ {[%emt 0:00:02]} 12. Qd2 {[%emt 0:00:19]} Qxb5 {[%emt 0:00:02]}
13. O-O {[%emt 0:00:01]} O-O {[%emt 0:00:05]} 14. Rab1 {[%emt 0:00:02]} Qa5 {
[%emt 0:00:06]} 15. Qd3 {[%emt 0:00:10]} Ba6 {[%emt 0:00:02]} 16. Qd1 {[%emt 0:
00:04]} Bxe2 {[%emt 0:00:03]} 17. Qxe2 {[%emt 0:00:02]} Nxd4 {[%emt 0:00:01]}
18. Bxd4 {[%emt 0:00:03]} Bxd4 {[%emt 0:00:02]} 19. Rb5 {[%emt 0:00:03]} Qa3 {
[%emt 0:00:11]} 20. Rfb1 {[%emt 0:00:10]} Rac8 {[%emt 0:00:03]} 21. h3 {[%emt
0:00:02]} Rc1+ {[%emt 0:00:03]} 22. Rxc1 {[%emt 0:00:03]} Qxc1+ {[%emt 0:00:01]
} 23. Kh2 {[%emt 0:00:01]} Rc8 {[%emt 0:00:04]} 24. Rd5 {[%emt 0:00:11]} Qb2 {
[%emt 0:00:08]} 25. Qf3 {[%emt 0:00:09]} Qxf2 {[%emt 0:00:03] Bartimäus gibt
auf} 0-1

[Event "Benidorm Satellite preliminary"]
[Site "playchess.com #007036"]
[Date "2009.10.24"]
[Round "1"]
[White "Altamiro"]
[Black "Francis1993"]
[Result "1-0"]
[WhiteElo "2141"]
[BlackElo "1554"]
[PlyCount "31"]
[EventDate "2009.10.24"]
[EventType "swiss (blitz)"]

1. e4 {[%emt 0:00:03]} c5 {[%emt 0:00:02]} 2. Nf3 {[%emt 0:00:02]} e6 {[%emt 0:
00:01]} 3. d4 {[%emt 0:00:01]} d5 {[%emt 0:00:04]} 4. exd5 {[%emt 0:00:02]}
exd5 {[%emt 0:00:05]} 5. Bb5+ {[%emt 0:00:04]} Bd7 {[%emt 0:00:04]} 6. Nc3 {
[%emt 0:00:02]} a6 {[%emt 0:00:06]} 7. Bxd7+ {[%emt 0:00:02]} Qxd7 {[%emt 0:00:
01]} 8. O-O {[%emt 0:00:03]} Nf6 {[%emt 0:00:02]} 9. Re1+ {[%emt 0:00:16]} Be7
{[%emt 0:00:03]} 10. Qe2 {[%emt 0:00:02]} Nc6 {[%emt 0:00:05]} 11. dxc5 {[%emt
0:00:34]} O-O {[%emt 0:00:04]} 12. Bg5 {[%emt 0:00:04]} d4 {[%emt 0:00:09]} 13.
Rad1 {[%emt 0:00:07]} Bxc5 {[%emt 0:00:08]} 14. Bxf6 {[%emt 0:00:05]} gxf6 {
[%emt 0:00:02]} 15. Ne4 {[%emt 0:00:03]} f5 {[%emt 0:00:04]} 16. Nf6+ {[%emt 0:
00:02] Francis1993 gibt auf} 1-0

[Event "Benidorm Satellite preliminary"]
[Site "playchess.com #007036"]
[Date "2009.10.24"]
[Round "1"]
[White "Us6"]
[Black "Florin_banu"]
[Result "1-0"]
[WhiteElo "2550"]
[BlackElo "1720"]
[PlyCount "57"]
[EventDate "2009.10.24"]
[EventType "swiss (blitz)"]

1. d4 {[%emt 0:00:04]} Nf6 {[%emt 0:00:01]} 2. c4 {[%emt 0:00:01]} g6 {[%emt 0:
00:01]} 3. Nc3 {[%emt 0:00:01]} Bg7 {[%emt 0:00:01]} 4. e4 {[%emt 0:00:01]} d6
{[%emt 0:00:00]} 5. Nf3 {[%emt 0:00:01]} O-O {[%emt 0:00:01]} 6. h3 {[%emt 0:
00:00]} e5 {[%emt 0:00:01]} 7. d5 {[%emt 0:00:01]} b6 {[%emt 0:00:01]} 8. Bg5 {
[%emt 0:00:03]} a5 {[%emt 0:00:04]} 9. g4 {[%emt 0:00:03]} Nbd7 {[%emt 0:00:02]
} 10. Nd2 {[%emt 0:00:01]} Ba6 {[%emt 0:00:01]} 11. Qf3 {[%emt 0:00:03]} h6 {
[%emt 0:00:04]} 12. Be3 {[%emt 0:00:02]} Nc5 {[%emt 0:00:06]} 13. h4 {[%emt 0:
00:02]} h5 {[%emt 0:00:05]} 14. gxh5 {[%emt 0:00:10]} Nxh5 {[%emt 0:00:02]} 15.
Be2 {[%emt 0:00:02]} Qf6 {[%emt 0:00:12]} 16. Qg4 {[%emt 0:00:14]} Nf4 {[%emt
0:00:08]} 17. Nb5 {[%emt 0:00:09]} Bxb5 {[%emt 0:00:03]} 18. cxb5 {[%emt 0:00:
01]} Ncd3+ {[%emt 0:00:01]} 19. Bxd3 {[%emt 0:00:01]} Nxd3+ {[%emt 0:00:02]}
20. Ke2 {[%emt 0:00:04]} Nxf2 {[%emt 0:00:15]} 21. Bxf2 {[%emt 0:00:03]} Qxf2+
{[%emt 0:00:02]} 22. Kxf2 {[%emt 0:00:01]} f5 {[%emt 0:00:10]} 23. Qxg6 {[%emt
0:00:02]} fxe4+ {[%emt 0:00:01]} 24. Ke2 {[%emt 0:00:02]} Rf6 {[%emt 0:00:04]}
25. Qg4 {[%emt 0:00:03]} Raf8 {[%emt 0:00:02]} 26. Nxe4 {[%emt 0:00:01]} Rf4 {
[%emt 0:00:02]} 27. Qg6 {[%emt 0:00:01]} Kh8 {[%emt 0:00:12]} 28. Rag1 {[%emt
0:00:02]} R8f7 {[%emt 0:00:03]} 29. h5 {[%emt 0:00:02] Florin_banu resigns} 1-0

[Event "Benidorm Satellite preliminary"]
[Site "playchess.com #007036"]
[Date "2009.10.24"]
[Round "1"]
[White "Muzio"]
[Black "Rashid"]
[Result "0-1"]
[WhiteElo "1553"]
[BlackElo "2135"]
[PlyCount "28"]
[EventDate "2009.10.24"]
[EventType "swiss (blitz)"]

1. e4 {[%emt 0:00:02]} e5 {[%emt 0:00:11]} 2. Nf3 {[%emt 0:00:02]} Nc6 {[%emt
0:00:04]} 3. d4 {[%emt 0:00:02]} exd4 {[%emt 0:00:11]} 4. Bc4 {[%emt 0:00:01]}
Nf6 {[%emt 0:00:04]} 5. O-O {[%emt 0:00:15]} Nxe4 {[%emt 0:00:06]} 6. Re1 {
[%emt 0:00:02]} d5 {[%emt 0:00:04]} 7. Bxd5 {[%emt 0:00:01]} Qxd5 {[%emt 0:00:
08]} 8. Nc3 {[%emt 0:00:01]} Qh5 {[%emt 0:00:07]} 9. Nxe4 {[%emt 0:00:02]} Be6
{[%emt 0:00:03]} 10. Neg5 {[%emt 0:00:04]} O-O-O {[%emt 0:00:03]} 11. Nxe6 {
[%emt 0:00:08]} fxe6 {[%emt 0:00:06]} 12. Rxe6 {[%emt 0:00:12]} Bd6 {[%emt 0:
00:06]} 13. Re4 {[%emt 0:00:14]} Ne5 {[%emt 0:00:21]} 14. Nxe5 {[%emt 0:00:13]}
Qxd1+ {[%emt 0:00:04] Muzio resigns} 0-1

[Event "Benidorm Satellite preliminary"]
[Site "playchess.com #007036"]
[Date "2009.10.24"]
[Round "1"]
[White "Bauxi"]
[Black "URBAIN"]
[Result "1-0"]
[WhiteElo "1960"]
[BlackElo "1221"]
[PlyCount "45"]
[EventDate "2009.10.24"]
[EventType "swiss (blitz)"]

1. e4 {[%emt 0:00:09]} e5 {[%emt 0:00:02]} 2. Nf3 {[%emt 0:00:01]} Nc6 {[%emt
0:00:02]} 3. Nc3 {[%emt 0:00:02]} Bc5 {[%emt 0:00:07]} 4. Bc4 {[%emt 0:00:22]}
d6 {[%emt 0:00:05]} 5. d3 {[%emt 0:00:01]} h6 {[%emt 0:00:04]} 6. h3 {[%emt 0:
00:01]} Nf6 {[%emt 0:00:02]} 7. Be3 {[%emt 0:00:03]} Bxe3 {[%emt 0:00:03]} 8.
fxe3 {[%emt 0:00:01]} O-O {[%emt 0:00:03]} 9. Qd2 {[%emt 0:00:01]} Be6 {[%emt
0:00:03]} 10. Bxe6 {[%emt 0:00:00]} fxe6 {[%emt 0:00:02]} 11. O-O-O {[%emt 0:
00:00]} a5 {[%emt 0:00:06]} 12. Rdf1 {[%emt 0:00:03]} Rb8 {[%emt 0:00:06]} 13.
g4 {[%emt 0:00:07]} b5 {[%emt 0:00:05]} 14. g5 {[%emt 0:00:26]} hxg5 {[%emt 0:
00:04]} 15. Nxg5 {[%emt 0:00:00]} b4 {[%emt 0:00:14]} 16. Nd1 {[%emt 0:00:03]}
a4 {[%emt 0:00:03]} 17. h4 {[%emt 0:00:04]} Qe8 {[%emt 0:00:04]} 18. Qe2 {
[%emt 0:00:05]} Qh5 {[%emt 0:00:06]} 19. Qxh5 {[%emt 0:00:06]} Nxh5 {[%emt 0:
00:03]} 20. Nxe6 {[%emt 0:00:04]} Rfe8 {[%emt 0:00:04]} 21. Nxc7 {[%emt 0:00:
01]} b3 {[%emt 0:00:09]} 22. axb3 {[%emt 0:00:02]} axb3 {[%emt 0:00:04]} 23.
Nxe8 {[%emt 0:00:01] URBAIN abandonne} 1-0

[Event "Benidorm Satellite preliminary"]
[Site "playchess.com #007036"]
[Date "2009.10.24"]
[Round "1"]
[White "Beckhambauer"]
[Black "Lucchi Lorenzo"]
[Result "0-1"]
[WhiteElo "1554"]
[BlackElo "2163"]
[PlyCount "66"]
[EventDate "2009.10.24"]
[EventType "swiss (blitz)"]

1. d4 {[%emt 0:00:01]} g6 {[%emt 0:00:04]} 2. c4 {[%emt 0:00:01]} Bg7 {[%emt 0:
00:01]} 3. Nc3 {[%emt 0:00:01]} d6 {[%emt 0:00:00]} 4. e4 {[%emt 0:00:01]} Nd7
{[%emt 0:00:01]} 5. f3 {[%emt 0:00:02]} e6 {[%emt 0:00:02]} 6. Be3 {[%emt 0:00:
01]} Ne7 {[%emt 0:00:01]} 7. Qd2 {[%emt 0:00:01]} h6 {[%emt 0:00:01]} 8. Bd3 {
[%emt 0:00:02]} a6 {[%emt 0:00:01]} 9. Nge2 {[%emt 0:00:04]} b6 {[%emt 0:00:01]
} 10. O-O {[%emt 0:00:02]} Bb7 {[%emt 0:00:01]} 11. a3 {[%emt 0:00:02]} Kf8 {
[%emt 0:00:03]} 12. b4 {[%emt 0:00:02]} Kg8 {[%emt 0:00:01]} 13. Rac1 {[%emt 0:
00:03]} Kh7 {[%emt 0:00:01]} 14. c5 {[%emt 0:00:24]} bxc5 {[%emt 0:00:04]} 15.
bxc5 {[%emt 0:00:03]} dxc5 {[%emt 0:00:03]} 16. dxc5 {[%emt 0:00:02]} Ne5 {
[%emt 0:00:01]} 17. Rfd1 {[%emt 0:00:12]} Nxd3 {[%emt 0:00:05]} 18. Qxd3 {
[%emt 0:00:01]} Qxd3 {[%emt 0:00:01]} 19. Rxd3 {[%emt 0:00:02]} Rhd8 {[%emt 0:
00:01]} 20. Bd4 {[%emt 0:00:11]} Nc6 {[%emt 0:00:05]} 21. Rcd1 {[%emt 0:00:11]}
Nxd4 {[%emt 0:00:03]} 22. Nxd4 {[%emt 0:00:02]} a5 {[%emt 0:00:09]} 23. Ncb5 {
[%emt 0:00:07]} Ba6 {[%emt 0:00:03]} 24. Nxc7 {[%emt 0:00:14]} Bxd3 {[%emt 0:
00:23]} 25. Nxa8 {[%emt 0:00:02]} Bxd4+ {[%emt 0:00:02]} 26. Kh1 {[%emt 0:00:
04]} Rxa8 {[%emt 0:00:01]} 27. Rxd3 {[%emt 0:00:01]} Bxc5 {[%emt 0:00:01]} 28.
Rd7 {[%emt 0:00:03]} Bxa3 {[%emt 0:00:05]} 29. Rxf7+ {[%emt 0:00:02]} Kg8 {
[%emt 0:00:01]} 30. Rf6 {[%emt 0:00:02]} Bf8 {[%emt 0:00:02]} 31. Rxg6+ {[%emt
0:00:03]} Kf7 {[%emt 0:00:01]} 32. Rg4 {[%emt 0:00:06]} a4 {[%emt 0:00:03]} 33.
e5 {[%emt 0:00:04]} a3 {[%emt 0:00:02] Beckhambauer gibt auf} 0-1

[Event "Benidorm Satellite preliminary"]
[Site "playchess.com #007036"]
[Date "2009.10.24"]
[Round "1"]
[White "JULIUS CEASER"]
[Black "Juckel"]
[Result "1-0"]
[WhiteElo "2111"]
[BlackElo "1535"]
[PlyCount "35"]
[EventDate "2009.10.24"]
[EventType "swiss (blitz)"]

1. e4 {[%emt 0:00:02]} e5 {[%emt 0:00:03]} 2. f4 {[%emt 0:00:02]} Nc6 {[%emt 0:
00:08]} 3. Nf3 {[%emt 0:00:02]} Bc5 {[%emt 0:00:14]} 4. c3 {[%emt 0:00:02]} d5
{[%emt 0:00:08]} 5. b4 {[%emt 0:00:14]} Bd6 {[%emt 0:00:07]} 6. exd5 {[%emt 0:
00:02]} Nce7 {[%emt 0:00:05]} 7. fxe5 {[%emt 0:00:03]} Nxd5 {[%emt 0:00:07]} 8.
exd6 {[%emt 0:00:02]} Qxd6 {[%emt 0:00:14]} 9. Be2 {[%emt 0:00:02]} Be6 {[%emt
0:00:05]} 10. O-O {[%emt 0:00:02]} O-O-O {[%emt 0:00:01]} 11. d4 {[%emt 0:00:
03]} f6 {[%emt 0:00:13]} 12. a3 {[%emt 0:00:03]} Bd7 {[%emt 0:00:02]} 13. c4 {
[%emt 0:00:03]} Nf4 {[%emt 0:00:06]} 14. Bxf4 {[%emt 0:00:03]} Qxf4 {[%emt 0:
00:01]} 15. Qd2 {[%emt 0:00:08]} Qg4 {[%emt 0:00:58]} 16. Ne5 {[%emt 0:00:10]}
Qe6 {[%emt 0:00:12]} 17. Bg4 {[%emt 0:00:04]} f5 {[%emt 0:00:04]} 18. Bxf5 {
[%emt 0:00:02] Juckel gibt auf} 1-0

[Event "Benidorm Satellite preliminary"]
[Site "playchess.com #007036"]
[Date "2009.10.24"]
[Round "1"]
[White "Pepecuenca2"]
[Black "Alexiz"]
[Result "1-0"]
[WhiteElo "2357"]
[BlackElo "1657"]
[PlyCount "41"]
[EventDate "2009.10.24"]
[EventType "swiss (blitz)"]

1. e4 {[%emt 0:00:02]} e6 {[%emt 0:00:01]} 2. Qe2 {[%emt 0:00:10]} c5 {[%emt 0:
00:05]} 3. Nf3 {[%emt 0:00:03]} Be7 {[%emt 0:00:05]} 4. g3 {[%emt 0:00:03]} d5
{[%emt 0:00:01]} 5. d3 {[%emt 0:00:14]} Nf6 {[%emt 0:00:02]} 6. Bg2 {[%emt 0:
00:04]} O-O {[%emt 0:00:03]} 7. O-O {[%emt 0:00:10]} Nc6 {[%emt 0:00:01]} 8. e5
{[%emt 0:00:05]} Nd7 {[%emt 0:00:03]} 9. c4 {[%emt 0:00:02]} Nb6 {[%emt 0:00:
10]} 10. Nc3 {[%emt 0:00:04]} a5 {[%emt 0:00:13]} 11. h4 {[%emt 0:00:03]} a4 {
[%emt 0:00:05]} 12. Nb5 {[%emt 0:00:11]} Na5 {[%emt 0:00:13]} 13. Nd2 {[%emt 0:
00:11]} Nc6 {[%emt 0:00:14]} 14. Rb1 {[%emt 0:00:10]} Nd4 {[%emt 0:00:02]} 15.
Nxd4 {[%emt 0:00:02]} cxd4 {[%emt 0:00:01]} 16. Nf3 {[%emt 0:00:03]} dxc4 {
[%emt 0:00:11]} 17. dxc4 {[%emt 0:00:01]} d3 {[%emt 0:00:02]} 18. Qe4 {[%emt 0:
00:05]} Qd7 {[%emt 0:00:24]} 19. Rd1 {[%emt 0:00:09]} Rd8 {[%emt 0:00:03]} 20.
Be3 {[%emt 0:00:05]} Qc6 {[%emt 0:00:06]} 21. Qxc6 {[%emt 0:00:06] Alexiz
resigns} 1-0

[Event "Benidorm Satellite preliminary"]
[Site "playchess.com #007036"]
[Date "2009.10.24"]
[Round "1"]
[White "Heinz53"]
[Black "Smartmove"]
[Result "0-1"]
[WhiteElo "1641"]
[BlackElo "2334"]
[PlyCount "64"]
[EventDate "2009.10.24"]
[EventType "swiss (blitz)"]

1. e4 {[%emt 0:00:01]} c6 {[%emt 0:00:08]} 2. d4 {[%emt 0:00:01]} d5 {[%emt 0:
00:01]} 3. Nc3 {[%emt 0:00:01]} dxe4 {[%emt 0:00:01]} 4. Nxe4 {[%emt 0:00:01]}
Bf5 {[%emt 0:00:00]} 5. Ng3 {[%emt 0:00:01]} Bg6 {[%emt 0:00:00]} 6. Nf3 {
[%emt 0:00:01]} Nd7 {[%emt 0:00:02]} 7. h4 {[%emt 0:00:01]} h6 {[%emt 0:00:00]}
8. h5 {[%emt 0:00:01]} Bh7 {[%emt 0:00:01]} 9. Bd3 {[%emt 0:00:00]} Bxd3 {
[%emt 0:00:00]} 10. Qxd3 {[%emt 0:00:01]} e6 {[%emt 0:00:00]} 11. Bf4 {[%emt 0:
00:01]} Qa5+ {[%emt 0:00:02]} 12. c3 {[%emt 0:00:07]} Ngf6 {[%emt 0:00:02]} 13.
Ne5 {[%emt 0:00:08]} Rd8 {[%emt 0:00:04]} 14. Nxd7 {[%emt 0:00:06]} Rxd7 {
[%emt 0:00:02]} 15. Be5 {[%emt 0:00:01]} Qxe5+ {[%emt 0:00:13]} 16. dxe5 {
[%emt 0:00:06]} Rxd3 {[%emt 0:00:00]} 17. exf6 {[%emt 0:00:01]} gxf6 {[%emt 0:
00:01]} 18. Rd1 {[%emt 0:00:16]} Rxd1+ {[%emt 0:00:02]} 19. Kxd1 {[%emt 0:00:
01]} Rg8 {[%emt 0:00:07]} 20. Rh4 {[%emt 0:00:10]} f5 {[%emt 0:00:03]} 21. Ra4
{[%emt 0:00:04]} a6 {[%emt 0:00:01]} 22. b4 {[%emt 0:00:25]} Bd6 {[%emt 0:00:
05]} 23. Ne2 {[%emt 0:00:07]} Rxg2 {[%emt 0:00:03]} 24. c4 {[%emt 0:00:02]}
Rxf2 {[%emt 0:00:04]} 25. b5 {[%emt 0:00:04]} axb5 {[%emt 0:00:07]} 26. cxb5 {
[%emt 0:00:01]} cxb5 {[%emt 0:00:00]} 27. Ra8+ {[%emt 0:00:01]} Ke7 {[%emt 0:
00:01]} 28. Ra7 {[%emt 0:00:01]} b4 {[%emt 0:00:09]} 29. Rxb7+ {[%emt 0:00:01]}
Kf6 {[%emt 0:00:00]} 30. Ke1 {[%emt 0:00:07]} Rh2 {[%emt 0:00:05]} 31. Nd4 {
[%emt 0:00:05]} Rxa2 {[%emt 0:00:17]} 32. Nb5 {[%emt 0:00:01]} Be5 {[%emt 0:00:
03] Heinz53 gibt auf} 0-1

[Event "Benidorm Satellite preliminary"]
[Site "playchess.com #007036"]
[Date "2009.10.24"]
[Round "1"]
[White "Zoschi"]
[Black "Matty_xxx"]
[Result "1/2-1/2"]
[WhiteElo "1611"]
[BlackElo "2230"]
[PlyCount "54"]
[EventDate "2009.10.24"]
[EventType "swiss (blitz)"]

1. d4 {[%emt 0:00:02]} Nf6 {[%emt 0:00:02]} 2. Nf3 {[%emt 0:00:01]} e6 {[%emt
0:00:00]} 3. c4 {[%emt 0:00:01]} Bb4+ {[%emt 0:00:02]} 4. Bd2 {[%emt 0:00:02]}
c5 {[%emt 0:00:02]} 5. a3 {[%emt 0:00:04]} Bxd2+ {[%emt 0:00:03]} 6. Qxd2 {
[%emt 0:00:01]} cxd4 {[%emt 0:00:04]} 7. Nxd4 {[%emt 0:00:03]} O-O {[%emt 0:00:
12]} 8. Nc3 {[%emt 0:00:03]} d5 {[%emt 0:00:03]} 9. cxd5 {[%emt 0:00:03]} Nxd5
{[%emt 0:00:00]} 10. e3 {[%emt 0:00:18]} e5 {[%emt 0:00:07]} 11. Nxd5 {[%emt 0:
00:10]} Qxd5 {[%emt 0:00:02]} 12. Nf3 {[%emt 0:00:02]} Qxd2+ {[%emt 0:00:10]}
13. Nxd2 {[%emt 0:00:02]} Nc6 {[%emt 0:00:04]} 14. Bb5 {[%emt 0:00:13]} Ne7 {
[%emt 0:00:09]} 15. Ke2 {[%emt 0:00:07]} Bg4+ {[%emt 0:00:05]} 16. f3 {[%emt 0:
00:06]} Be6 {[%emt 0:00:00]} 17. Rac1 {[%emt 0:00:05]} Rfc8 {[%emt 0:00:03]}
18. Bc4 {[%emt 0:00:17]} Bxc4+ {[%emt 0:00:04]} 19. Nxc4 {[%emt 0:00:07]} f6 {
[%emt 0:00:01]} 20. Nd6 {[%emt 0:00:06]} Rxc1 {[%emt 0:00:37]} 21. Rxc1 {[%emt
0:00:00]} Rd8 {[%emt 0:00:01]} 22. Nxb7 {[%emt 0:00:15]} Rb8 {[%emt 0:00:01]}
23. Rc7 {[%emt 0:00:16]} Nd5 {[%emt 0:00:01]} 24. Rd7 {[%emt 0:00:07]} Nb6 {
[%emt 0:00:02]} 25. Rc7 {[%emt 0:00:02]} Nd5 {[%emt 0:00:02]} 26. Rd7 {[%emt 0:
00:02]} Nb6 {[%emt 0:00:02]} 27. Rc7 {[%emt 0:00:01]} Nd5 {[%emt 0:00:02]}
1/2-1/2